Filozófus a vádlottak padján
Elmentve itt :
| Szerző: | |
|---|---|
| Dokumentumtípus: | Könyv része |
| Megjelent: |
2014
|
| Sorozat: | Szegedi egyetemi tudástár
Bölcsészet- és társadalomtudományok |
| Kulcsszavak: | Lucius Madaurensis Apuleius, Latin irodalom - költészet - 2. sz. - életrajz, Jogtörténet - római jog, Jogtörténet - ókori |
| Tárgyszavak: | |
| Online Access: | http://acta.bibl.u-szeged.hu/35847 |
| LEADER | 00877naa a2200229 i 4500 | ||
|---|---|---|---|
| 001 | acta35847 | ||
| 005 | 20220125085221.0 | ||
| 008 | 161017s2014 hu o 0|| hun d | ||
| 040 | |a SZTE Egyetemi Kiadványok Repozitórium |b hun | ||
| 041 | |a hun | ||
| 100 | 1 | |a Jakab Éva | |
| 245 | 1 | 0 | |a Filozófus a vádlottak padján |h [elektronikus dokumentum] / |c Jakab Éva |
| 260 | |c 2014 | ||
| 300 | |a 7-21 | ||
| 490 | 0 | |a Szegedi egyetemi tudástár | |
| 490 | 0 | |a Bölcsészet- és társadalomtudományok | |
| 650 | 4 | |a Társadalomtudományok | |
| 650 | 4 | |a Jogtudomány | |
| 650 | 4 | |a Bölcsészettudományok | |
| 650 | 4 | |a Történettudomány és régészet | |
| 695 | |a Lucius Madaurensis Apuleius, Latin irodalom - költészet - 2. sz. - életrajz, Jogtörténet - római jog, Jogtörténet - ókori | ||
| 856 | 4 | 0 | |u http://acta.bibl.u-szeged.hu/35847/1/tudastar_007_007-021.pdf |z Dokumentum-elérés |